MARC details
| 000 -CABECERA |
| campo de control de longitud fija |
01065nam a2200241 a 4500 |
| 001 - NÚMERO DE CONTROL |
| campo de control |
000023923 |
| 005 - FECHA Y HORA DE LA ÚLTIMA TRANSACCIÓN |
| campo de control |
20200930022555.0 |
| 008 - DATOS DE LONGITUD FIJA--INFORMACIÓN GENERAL |
| campo de control de longitud fija |
110117s20uu sp e 000 0 spa d |
| 040 ## - FUENTE DE LA CATALOGACIÓN |
| Centro catalogador/agencia de origen |
DO-SdBNP |
| Lengua de catalogación |
spa |
| Centro/agencia transcriptor |
BNPHU |
| 082 ## - NÚMERO DE LA CLASIFICACIÓN DECIMAL DEWEY |
| Número de clasificación |
R 613 |
| Número de documento/Ítem |
E56 |
| 245 00 - MENCIÓN DE TÍTULO |
| Título |
Enciclopedia de la salud / |
| Mención de responsabilidad, etc. |
dirección médica Dr. Yves Morin, con la colaboración del Dr. Didier Armengaud y del Dr. Bernard Guyot. |
| 260 ## - PUBLICACIÓN, DISTRIBUCIÓN, ETC. |
| Lugar de publicación, distribución, etc. |
Colombia : |
| Nombre del editor, distribuidor, etc. |
Larousse, |
| Fecha de publicación, distribución, etc. |
[200?]. |
| 300 ## - DESCRIPCIÓN FÍSICA |
| Extensión |
5v. : |
| Otras características físicas |
il. ; |
| Dimensiones |
27 cm. |
| 500 ## - NOTA GENERAL |
| Nota general |
Texto a dos columnas |
| 500 ## - NOTA GENERAL |
| Nota general |
Incluye índice |
| 505 0# - NOTA DE CONTENIDO CON FORMATO |
| Información miscelánea |
v.1. |
| Título |
Accidente vascular cerebral. Diarrea -- |
| Información miscelánea |
v.2. |
| Título |
Dientes. Mononucleosis -- |
| Información miscelánea |
v.3. |
| Título |
Neumonía. Vulvovaginitis -- |
| Información miscelánea |
v.4. |
| Título |
La medicina hoy. Maternidad y cuidados del niño -- |
| Información miscelánea |
v.5. |
| Título |
Primeros auxilios. La alimentación. Glosario. Índice. |
| 650 #4 - PUNTO DE ACCESO ADICIONAL DE MATERIA--TÉRMINO DE MATERIA |
| Término de materia o nombre geográfico como elemento de entrada |
Salud |
| Subdivisión de forma |
ENCICLOPÉDIAS Y DICCIONARIOS |
| 9 (RLIN) |
49222 |
| 650 #4 - PUNTO DE ACCESO ADICIONAL DE MATERIA--TÉRMINO DE MATERIA |
| Término de materia o nombre geográfico como elemento de entrada |
Medicina |
| Subdivisión de forma |
ENCICLOPÉDIAS Y DICCIONARIOS |
| 9 (RLIN) |
49223 |
| 700 12 - PUNTO DE ACCESO ADICIONAL--NOMBRE DE PERSONA |
| Nombre de persona |
Morin, Yves |
| 9 (RLIN) |
49224 |
| 700 12 - PUNTO DE ACCESO ADICIONAL--NOMBRE DE PERSONA |
| Nombre de persona |
Armengaud, Didier |
| 9 (RLIN) |
49225 |
| 700 12 - PUNTO DE ACCESO ADICIONAL--NOMBRE DE PERSONA |
| Nombre de persona |
Guyot, Bernard |
| 9 (RLIN) |
49226 |
| 910 ## - DATOS DE OPCIÓN DEL USUARIO (OCLC) |
| Datos de opción del usuario |
Validado. Control de calidad MFF |